Parallel scientific computing in C++ and MPI: A seamless approach to parallel algorithms and their implementation

Αποθηκεύτηκε σε:
Λεπτομέρειες βιβλιογραφικής εγγραφής
Κύριος συγγραφέας: George Em Karniadakis
Μορφή: Βιβλίο
Γλώσσα:Undetermined
Έκδοση: Cambrridge, UK Cambridge Univ. Press 2003
Θέματα:
Ετικέτες: Προσθήκη ετικέτας
Δεν υπάρχουν, Καταχωρήστε ετικέτα πρώτοι!
Thư viện lưu trữ: Trung tâm Học liệu Trường Đại học Cần Thơ
LEADER 00666nam a2200169Ia 4500
001 CTU_58977
008 210402s9999 xx 000 0 und d
082 |a 004.35 
082 |b K18 
100 |a George Em Karniadakis 
245 0 |a Parallel scientific computing in C++ and MPI: A seamless approach to parallel algorithms and their implementation 
245 0 |c George Em Karniadakis and Robert M. Kirby II 
260 |a Cambrridge, UK 
260 |b Cambridge Univ. Press 
260 |c 2003 
650 |a parallel processing ( electronic computer ),c++ ( computer program language ),data transmission systems 
980 |a Trung tâm Học liệu Trường Đại học Cần Thơ